<?xml version="1.0" encoding="UTF-8"?>
<record
    xmlns:xsi="http://www.w3.org/2001/XMLSchema-instance"
    xsi:schemaLocation="http://www.loc.gov/MARC21/slim http://www.loc.gov/standards/marcxml/schema/MARC21slim.xsd"
    xmlns="http://www.loc.gov/MARC21/slim">

  <leader>00455nam a2200121Ia 4500</leader>
  <controlfield tag="008">200902s9999    xx            000 0 und d</controlfield>
  <datafield tag="020" ind1=" " ind2=" ">
    <subfield code="a">978-621-406-164-8</subfield>
  </datafield>
  <datafield tag="100" ind1=" " ind2=" ">
    <subfield code="a">Francisco, Virlyn</subfield>
  </datafield>
  <datafield tag="245" ind1=" " ind2=" ">
    <subfield code="c">Virlyn Francisco , Paul Micah Francisco.--</subfield>
    <subfield code="a">Rizal :</subfield>
    <subfield code="b">A modular approach based on the new ched curriculum /</subfield>
  </datafield>
  <datafield tag="260" ind1=" " ind2=" ">
    <subfield code="a">Manila :</subfield>
    <subfield code="b">Mindshapers Co., Inc.</subfield>
    <subfield code="c">2018</subfield>
  </datafield>
  <datafield tag="300" ind1=" " ind2=" ">
    <subfield code="a">x , 212 pages :</subfield>
    <subfield code="b">illustrations ;</subfield>
    <subfield code="c">26 cm.</subfield>
  </datafield>
  <datafield tag="650" ind1=" " ind2=" ">
    <subfield code="a">Rizal, Jose P. (1861-1896)</subfield>
  </datafield>
  <datafield tag="999" ind1=" " ind2=" ">
    <subfield code="c">364002</subfield>
    <subfield code="d">364002</subfield>
  </datafield>
  <datafield tag="952" ind1=" " ind2=" ">
    <subfield code="0">0</subfield>
    <subfield code="1">0</subfield>
    <subfield code="4">0</subfield>
    <subfield code="a">CL</subfield>
    <subfield code="b">CL</subfield>
    <subfield code="c">FiL</subfield>
    <subfield code="d">2020-09-02</subfield>
    <subfield code="e">Library fund</subfield>
    <subfield code="l">1</subfield>
    <subfield code="o">DS 675.8 .F819 2018</subfield>
    <subfield code="p">C22205</subfield>
    <subfield code="r">2024-10-01 00:00:00</subfield>
    <subfield code="s">2024-09-23</subfield>
    <subfield code="w">2020-09-02</subfield>
    <subfield code="y">BK</subfield>
  </datafield>
</record>
